000 00511cam a22002051 4500
001 sa 68017451
003 DLC
005 20260227112702.0
008 760414s1963 io 000 0 ind
010 _asa 68017451
035 _a(OCoLC)2111374
040 _aDLC
_cOAU
_dDLC
042 _apremarc
050 0 0 _aPL5071
_b.S5
100 1 _aSinggih, Amin.
245 1 0 _aMembina bahasa Indonesia.
260 _aDjakarta,
_bBalai Pustaka,
_c1963.
300 _a 103 p.
_c18 cm.
650 0 _aIndonesian language.
999 _c87721
_d87721